banner koha

Isolamento de fungos associados a grãos de café cv. Iapar 59 de origem de solo e árvore em diferentes tempos de colheita (Registro n. 227479)

MARC details
000 -LÍDER
campo de controle de tamanho fixo 01059nas a2200325 4500
001 - NÚMERO DE CONTROLE
campo de controle BR2013003046
003 - IDENTIFICADOR DO NÚMERO DE CONTROLE
campo de controle BR-BrBNA
005 - DATA E HORÁRIO DA ÚLTIMA TRANSAÇÃO
campo de controle 20231205122217.0
007 - CAMPO FIXO DE DESCRIÇÃO FÍSICA--INFORMAÇÃO GERAL
campo de controle de tamanho fixo ta
008 - CAMPO DE DADOS FIXOS--INFORMAÇÃO GERAL
campo de controle de tamanho fixo 230509b bl.|||p| |||| 00| 00por d
040 ## - FONTE DA CATALOGAÇÃO
Instituição da catalogação original BR-BrBNA
Idioma da catalogação por
Instituição que transcreveu o registro Biblioteca Nacional de Agricultura
041 ## - CÓDIGO DE IDIOMA
Código do idioma do texto/trilha sonora ou título diferente (Pt)
072 ## - CÓDIGO DE CATEGORIA DE ASSUNTO
Código de Categoria de Assunto Q03; H20
100 1# - ENTRADA PRINCIPAL--NOME PESSOAL
Nome pessoal Bozza, A.
100 1# - ENTRADA PRINCIPAL--NOME PESSOAL
Nome pessoal Tralamazza, S.M.
100 1# - ENTRADA PRINCIPAL--NOME PESSOAL
Nome pessoal Reynaud, D.T.
100 1# - ENTRADA PRINCIPAL--NOME PESSOAL
Nome pessoal Gabardo, J.
100 1# - ENTRADA PRINCIPAL--NOME PESSOAL
Nome pessoal Valaski, J.C.
100 1# - ENTRADA PRINCIPAL--NOME PESSOAL
Nome pessoal Marangoni, P.R.
100 1# - ENTRADA PRINCIPAL--NOME PESSOAL
Nome pessoal Pimentel, I.C.
245 1# - TÍTULO
Título Isolamento de fungos associados a grãos de café cv. Iapar 59 de origem de solo e árvore em diferentes tempos de colheita
650 ## - ASSUNTO--TERMO TÓPICO
Cabeçalho tópico ou nome geográfico COFFEA ARABICA
650 ## - ASSUNTO--TERMO TÓPICO
Cabeçalho tópico ou nome geográfico CONTAMINAÇÃO FÚNGICA
650 ## - ASSUNTO--TERMO TÓPICO
Cabeçalho tópico ou nome geográfico TOXIDEZ
650 ## - ASSUNTO--TERMO TÓPICO
Cabeçalho tópico ou nome geográfico CONTROLE DE QUALIDADE
773 0# - ENTRADA ANALÍTICA
Título Ciência e Tecnologia de Alimentos (Brazil)
ISSN - International Standard Serial Number ISSN 1678-457X
Partes relacionadas (Jul-Sep 2009), V. 29(3) p. 529-534
Número de controle do registro BR2013003046
856 40 - LOCALIZAÇÃO ELETRÔNICA E ACESSO
Uniform Resource Identifier <a href="http://www.scielo.br/pdf/cta/v29n3/a12v29n3.pdf">http://www.scielo.br/pdf/cta/v29n3/a12v29n3.pdf</a>
909 ## -
-- 202311
-- Lúcia
-- 55
-- Lúcia Elande
942 ## - ELEMENTOS DE ENTRADA ADICIONADOS (KOHA)
Fonte da classificação ou esquema de arquivamento na estante Classificação AGRIS
Ocultar no OPAC Não
Tipo de material Koha Analítica
Exemplares
Situação do descarte Fonte da classificação ou esquema de arquivamento na estante Situação física Não pode ser emprestado Biblioteca de origem Biblioteca atual Localização na estante Enumeração do periódico / cronologia Total de empréstimos Data de último acesso Número do exemplar Tipo de material Koha Fonte de aquisição
  Classificação AGRIS   Consulta local Biblioteca Nacional de Agricultura - Binagri Biblioteca Nacional de Agricultura - Binagri   (Jul-Sep 2009), V. 29(3) p. 529-534   29/11/2023 01 Periódicos Portaria Interministerial nº 164/94

BINAGRI

Telefone: (61)3218-2567/2388/3357/2097 - binagri@agro.gov.br

Ministério da Agricultura e Pecuária , Esplanada dos Ministérios, Bloco D, Anexo B, Brasília/DF, CEP: 70.043-900